000 00600nam a2200193 a 4500
001 000048166
005 20201002060949.0
008 181204s2014 dr 000 0 spa d
020 _a9789945190069
040 _aDO-SdBNP
_bspa
_cBNPHU
082 _axxx
_bS161, 2do., 2014
100 1 _aSalcedo Fernández, Lilian
_974900
245 1 0 _aEducación artística 2 :
_beducación primaria.
260 _aSanto Domingo :
_bSantillana,
_c2014.
300 _a87p. :
_bil., ;
_c27 cm.+
_eCD-ROM
490 1 _aProyecto todos juntos
590 _aInventariado, 2019/MFF
830 0 _aProyecto todos juntos
_930856
999 _c47654
_d47654